<?xml version="1.0" encoding="UTF-8"?>
<record
    xmlns:xsi="http://www.w3.org/2001/XMLSchema-instance"
    xsi:schemaLocation="http://www.loc.gov/MARC21/slim http://www.loc.gov/standards/marcxml/schema/MARC21slim.xsd"
    xmlns="http://www.loc.gov/MARC21/slim">

  <leader>00907nam a22001457a 4500</leader>
  <controlfield tag="008">190601b        xxu||||| |||| 00| 0 eng d</controlfield>
  <datafield tag="020" ind1=" " ind2=" ">
    <subfield code="a">9789057790171</subfield>
  </datafield>
  <datafield tag="082" ind1=" " ind2=" ">
    <subfield code="a">759.93</subfield>
    <subfield code="b">T968m</subfield>
  </datafield>
  <datafield tag="100" ind1=" " ind2=" ">
    <subfield code="a">Storr, Robert; Pirotte, Philipp; Hoet, Jan.</subfield>
    <subfield code="9">7070</subfield>
  </datafield>
  <datafield tag="245" ind1=" " ind2=" ">
    <subfield code="a">Luc Tuymans - MWANA KITOKO (Beautiful White Man)</subfield>
  </datafield>
  <datafield tag="260" ind1=" " ind2=" ">
    <subfield code="a">B&#xE9;lgica</subfield>
    <subfield code="b">S.M.A.K. Stedelijk Museum voor Actuele Kunst</subfield>
    <subfield code="c">2001</subfield>
  </datafield>
  <datafield tag="300" ind1=" " ind2=" ">
    <subfield code="a">136 p.</subfield>
    <subfield code="b">ill (col).</subfield>
    <subfield code="c">22.9 x 27.3 cm</subfield>
  </datafield>
  <datafield tag="505" ind1=" " ind2=" ">
    <subfield code="t">Preface</subfield>
    <subfield code="r">Minister of Culture Bert Anciaux</subfield>
    <subfield code="t">Introduction </subfield>
    <subfield code="r">Jan Hoet </subfield>
    <subfield code="t">A Worst Case Scenario </subfield>
    <subfield code="r">Robert Storr</subfield>
    <subfield code="t">Belgian Pavilion: floor plan / photo / images </subfield>
    <subfield code="t">Mwana Kitoko (Beautiful white man) </subfield>
    <subfield code="r">Philippe Pirotte (images from the series Mwana Kitoko)</subfield>
    <subfield code="t">Traduction des textes en fran&#xE7;ais</subfield>
    <subfield code="t">Biography and Bibliography</subfield>
    <subfield code="t">List of Works </subfield>
    <subfield code="t">Acknowledgements</subfield>
    <subfield code="t">Colophon </subfield>
  </datafield>
  <datafield tag="650" ind1=" " ind2=" ">
    <subfield code="2">Arte contempor&#xE1;neo </subfield>
    <subfield code="v">Pintura</subfield>
    <subfield code="x">Arte - bienales</subfield>
    <subfield code="y">Bienal de Venecia 2001</subfield>
    <subfield code="z">Arte - B&#xE9;lgica</subfield>
    <subfield code="9">7071</subfield>
  </datafield>
  <datafield tag="999" ind1=" " ind2=" ">
    <subfield code="c">1801</subfield>
    <subfield code="d">1801</subfield>
  </datafield>
  <datafield tag="952" ind1=" " ind2=" ">
    <subfield code="0">0</subfield>
    <subfield code="1">0</subfield>
    <subfield code="2">ddc</subfield>
    <subfield code="4">0</subfield>
    <subfield code="7">0</subfield>
    <subfield code="a">LV</subfield>
    <subfield code="b">LV</subfield>
    <subfield code="c">Monograf&#xED;as</subfield>
    <subfield code="d">2019-06-01</subfield>
    <subfield code="l">0</subfield>
    <subfield code="o">759.93 T968m</subfield>
    <subfield code="p">001181</subfield>
    <subfield code="r">2019-06-01 00:00:00</subfield>
    <subfield code="w">2019-06-01</subfield>
    <subfield code="y">01</subfield>
  </datafield>
</record>
